000 00591nam a22002177a 4500
003 LK-CoDNM
005 20241015115806.0
008 241015b |||||||| |||| 00| 0 eng d
040 _aLK-CoDNM
_dLK-CoDNM
_eLK-CoDNM
041 _asin
080 _aප්‍ර.ත
_b14
100 _aUnknown
245 _aතොරතුරු 11-12 කලාපය
_b1 කාණ්ඩය 1947
260 _c1947
300 _a23cm
650 _aප්‍ර.ත 14
650 _aතොරතුරු
650 _a11-12 කලාපය
650 _a1 කාණ්ඩය 1947
942 _cBK
999 _c219562
_d219562